Poemas con raíz de relámpagos : (Record no. 4922)
[ view plain ]
| 000 -CABECERA | |
|---|---|
| campo de control de longitud fija | 00628cam a2200193 a 4500 |
| 001 - NÚMERO DE CONTROL | |
| campo de control | 000005119 |
| 005 - FECHA Y HORA DE LA ÚLTIMA TRANSACCIÓN | |
| campo de control | 20200929151602.0 |
| 008 - DATOS DE LONGITUD FIJA--INFORMACIÓN GENERAL | |
| campo de control de longitud fija | 031031s2003 gt 001 p spa |
| 040 ## - FUENTE DE LA CATALOGACIÓN | |
| Centro catalogador/agencia de origen | DO-SdBNP |
| Centro/agencia transcriptor | DLC |
| 082 ## - NÚMERO DE LA CLASIFICACIÓN DECIMAL DEWEY | |
| Número de clasificación | nn. |
| Número de documento/Ítem | O96p |
| 100 1# - ENTRADA PRINCIPAL--NOMBRE DE PERSONA | |
| Nombre de persona | Ovalle López, Werner, |
| Fechas asociadas al nombre | 1928-1970 |
| 9 (RLIN) | 14669 |
| 245 10 - MENCIÓN DE TÍTULO | |
| Título | Poemas con raíz de relámpagos : |
| Resto del título | poesía junta / |
| Mención de responsabilidad, etc. | Werner Ovalle López. |
| 260 ## - PUBLICACIÓN, DISTRIBUCIÓN, ETC. | |
| Lugar de publicación, distribución, etc. | Guatemala : |
| Nombre del editor, distribuidor, etc. | Cultura, |
| Fecha de publicación, distribución, etc. | 2003. |
| 300 ## - DESCRIPCIÓN FÍSICA | |
| Extensión | 176 p. ; |
| Dimensiones | 22 cm. |
| 440 #0 - MENCIÓN DE SERIE/PUNTO DE ACCESO ADICIONAL--TÍTULO | |
| Título | Poesía guatemalteca ; |
| Designación de volumen o secuencia | no. 34. |
| 9 (RLIN) | 14670 |
| 650 #4 - PUNTO DE ACCESO ADICIONAL DE MATERIA--TÉRMINO DE MATERIA | |
| Término de materia o nombre geográfico como elemento de entrada | Poesía guatemalteca |
| 9 (RLIN) | 14068 |
| 650 #4 - PUNTO DE ACCESO ADICIONAL DE MATERIA--TÉRMINO DE MATERIA | |
| Término de materia o nombre geográfico como elemento de entrada | Literatura guatemalteca |
| 9 (RLIN) | 5393 |
| 910 ## - DATOS DE OPCIÓN DEL USUARIO (OCLC) | |
| Datos de opción del usuario | Catalogación por copia / LC |
| Estado de retiro | Estado de pérdida | Restricciones de uso | No para préstamo | Código de colección | Localización permanente | Ubicación/localización actual | Ubicación en estantería | Fecha de adquisición | Número de inventario | Total de préstamos | Signatura topográfica completa | Código de barras | Fecha visto por última vez | Precio válido a partir de | Tipo de ítem Koha |
|---|---|---|---|---|---|---|---|---|---|---|---|---|---|---|---|
| Préstamo interno | Monografías: Libros y Folletos | General | General | En catalogación | 29.07.2009 | LF1 | nn. O96p | 5119-10 | 25.06.2020 | 25.06.2020 | Préstamo interno |
